=LDR 00000nam 2200000 4500 =001 INLIS000000000022300 =005 20130612121053 =008 ***********************************Ind** =035 ##$$a0010-061300000022300 =041 ##$$a Ind =082 ##$$a 410.9 =090 ##$$a 410.9, Bah m =100 ##$$a Masinambow =245 ##$$a Bahasa indonesia dan bahasa daerah, Masinambow =260 ##$$a 2002 $b Jakarta =300 ##$$a 129, 21 cm =650 ##$$a Bahasa =850 ##$$a NBPNMAT =990 ##$$a 21400613/BPAP-NTB/20142014 =990 ##$$a 0001/BPAP-NTB/20142014